Giáo trình thống kê toán học
Nội dung giới thiệu ve toán xác suất thống kê như: chọn mẫu và sắp xếp số liệu, ước lượng tham số , kiểm định giả thiết, lý thuyết tương quan và hồi quy, phân tích phương sai.
Αποθηκεύτηκε σε:
| Κύριος συγγραφέας: | |
|---|---|
| Μορφή: | Βιβλίο |
| Γλώσσα: | Undetermined |
| Έκδοση: |
Hà Nội
Thống kê
1993
|
| Θέματα: | |
| Ετικέτες: |
Προσθήκη ετικέτας
Δεν υπάρχουν, Καταχωρήστε ετικέτα πρώτοι!
|
| Thư viện lưu trữ: | Trung tâm Học liệu Trường Đại học Cần Thơ |
|---|
| LEADER | 00806nam a2200193Ia 4500 | ||
|---|---|---|---|
| 001 | CTU_159498 | ||
| 008 | 210402s9999 xx 000 0 und d | ||
| 082 | |a 519.5 | ||
| 082 | |b B454 | ||
| 100 | |a Trần, Văn Bốn | ||
| 245 | 0 | |a Giáo trình thống kê toán học | |
| 245 | 0 | |c Trần Văn Bốn | |
| 260 | |a Hà Nội | ||
| 260 | |b Thống kê | ||
| 260 | |c 1993 | ||
| 520 | |a Nội dung giới thiệu ve toán xác suất thống kê như: chọn mẫu và sắp xếp số liệu, ước lượng tham số , kiểm định giả thiết, lý thuyết tương quan và hồi quy, phân tích phương sai. | ||
| 650 | |a Mathematical statistics | ||
| 904 | |i Qhieu | ||
| 980 | |a Trung tâm Học liệu Trường Đại học Cần Thơ | ||